Catálogo general de la hemeroteca provincial de la Camara Oficial de Comercio, Industria y Navegación de Gijón. (Record no. 43761)

MARC details
000 -LEADER
campo de control de longitud fija 00480nam a2200145 i 4500
001 - NÚMERO DE CONTROL
campo de control 43761
003 - IDENTIFICADOR DE NÚMERO DE CONTROL
campo de control ES-MaACL
005 - FECHA Y HORA DE LA ÚLTIMA TRANSACCIÓN
campo de control 20230906160854.0
007 - CAMPO FIJO DE DESCRIPCIÓN FÍSICA--INFORMACIÓN GENERAL
campo de control de longitud fija t|
008 - DATOS DE LONGITUD FIJA--INFORMACIÓN GENERAL
campo de control de longitud fija 030318s1972 sp ||||1| spa d
245 00 - MENCIÓN DEL TÍTULO
Título Catálogo general de la hemeroteca provincial de la Camara Oficial de Comercio, Industria y Navegación de Gijón.
260 ## - PUBLICACIÓN, DISTRIBUCIÓN, ETC.
Lugar de publicación, distribución, etc. Gijón :
Nombre del editor, distribuidor, etc. [s.n.],
Fecha de publicación, distribución, etc. 1972 (
Fabricante Tipo Offset La Industria)
300 ## - DESCRIPCIÓN FÍSICA
Extensión 21 h., 57 lám. ;
Dimensiones 25 cm.
852 ## - LOCALIZACIÓN
Ubicación ES-MaACL
Número de control de estantería C-48231
Sublocalización o colección R.84376
Holdings
Estatus retirado Estado de pérdida Estado de daño No para préstamo Biblioteca de origen Biblioteca actual Ubicación en estantería Fecha de adquisición Fuente de adquisición Total de préstamos Signatura topográfica completa Código de barras Visto por última vez Precio de reemplazo Tipo de ítem Koha
        Biblioteca del Ateneo de Madrid Biblioteca del Ateneo de Madrid Depósito 2 17/01/2008     C-48231 1046065 23/02/2023 23/02/2023 Libro impreso